Football Players by Picture #10 - Spain - Statistics

General Stats
  • This quiz has been taken 10,587 times
  • The average score is 13 of 16
Answer Stats
Picture Answer % Correct
Andrés Iniesta
97%
Sergio Ramos
97%
Carles Puyol
96%
Gerard Piqué
94%
Iker Casillas
89%
Sergio Busquets
89%
Xavi Hernández
89%
Xabi Alonso
86%
Fernando Torres
85%
David Villa
81%
Pep Guardiola
81%
Raúl González
75%
Cesc Fàbregas
70%
Víctor Valdés
69%
Isco
67%
Fernando Hierro
51%
No matching quizzes found
Score Distribution
Percent of People with Each Score
Percentile by Number Answered
Your Score History
You have not taken this quiz